|
|
|
|
| LEADER |
01930cam a2200337 a 4500 |
| 001 |
00737057 |
| 003 |
GR-PaULI |
| 008 |
150219s2014 gr k b 001 0 gre|c |
| 020 |
|
|
|a 9789605244347
|
| 040 |
|
|
|a GrPaTEI
|b gre
|c GR-PaULI
|
| 041 |
1 |
|
|a gre
|h eng
|
| 050 |
|
4 |
|a Q360
|b .C6816 2014
|
| 082 |
0 |
4 |
|a 003.54
|2 22
|q GR-VoPTK
|
| 100 |
1 |
|
|a Cover, T. M.,
|d 1938-
|
| 240 |
1 |
0 |
|a Elements of information theory.
|l Ελληνικά
|
| 245 |
1 |
0 |
|a Στοιχεία της θεωρίας πληροφορίας /
|c Thomas M. Cover, Joy A. Thomas ; μετάφραση Αλέξανδρος Χορταράς.
|
| 260 |
|
|
|a Ηράκλειο :
|b Πανεπιστημιακές Εκδόσεις Κρήτης,
|c 2014.
|
| 300 |
|
|
|a xxi, 751 σ. :
|b σχ. ;
|c 24 εκ.
|
| 490 |
1 |
|
|a Πανεπιστημιακή Βιβλιοθήκη Θετικών Επιστημών. Επιστήμη Υπολογιστών
|
| 500 |
|
|
|a Μετάφραση του: Elements of information theory.
|
| 504 |
|
|
|a Περιλαμβάνει βιβλιογραφικές παραπομπές (σ. 719-748) και ευρετήριο.
|
| 650 |
|
0 |
|a Information theory
|
| 650 |
1 |
0 |
|a ΠΛΗΡΟΦΟΡΙΕΣ, ΘΕΩΡΙΑ ΤΩΝ
|9 GR-VoPTK
|
| 700 |
1 |
|
|a Thomas, Joy A.
|
| 700 |
1 |
|
|a Χορταράς, Αλέξανδρος
|e μεταφραστής.
|
| 830 |
|
0 |
|a Πανεπιστημιακή Βιβλιοθήκη Θετικών Επιστημών.
|p Επιστήμη Υπολογιστών
|
| 942 |
|
|
|2 ddc
|
| 952 |
|
|
|0 0
|1 0
|2 ddc
|4 0
|6 003_540000000000000_COV
|7 0
|9 256464
|a LISK-2
|b LISK-2
|c EUD
|d 2021-01-17
|e 24
|f 0
|g 0.00
|l 0
|o 003.54 COV
|p 99243000009897
|r 2021-01-17 00:00:00
|t 1
|w 2021-01-17
|y BK15
|x GrPaTEI - Antirrio
|
| 952 |
|
|
|0 0
|1 0
|2 ddc
|4 0
|6 003_540000000000000_COV
|7 0
|9 256465
|a LISK-2
|b LISK-2
|c EUD
|d 2021-01-17
|e 24
|f 0
|g 0.00
|l 0
|o 003.54 COV
|p 99243000009898
|r 2021-01-17 00:00:00
|t 1
|w 2021-01-17
|y BK15
|x GrPaTEI - Antirrio
|
| 971 |
|
|
|a .b23512234
|b 14-04-20
|c 16-09-15
|
| 999 |
|
|
|c 150130
|d 150130
|